[Event "Panagyurishte op 9th"]
[Site "Panagyurishte"]
[Date "2023.05.28"]
[Round "2"]
[White "Ivanov, Stojan Emilov"]
[Black "Volkov, Oleksii"]
[Result "1-0"]
[WhiteElo "2061"]
[BlackElo "1333"]
[PlyCount "77"]
[EventDate "2023.05.28"]
[EventType "swiss"]
[EventRounds "7"]
[EventCountry "BUL"]
[SourceTitle "CBM 214 Extra"]
[Source "ChessBase"]
[SourceDate "2023.07.31"]
[SourceVersion "1"]
[SourceVersionDate "2023.07.31"]
[SourceQuality "1"]

1. d4 Nf6 2. c4 c5 3. Nf3 cxd4 4. Nxd4 Nc6 5. Nc3 g6 6. g3 Bg7 7. Bg2 0-0 8. 0-0 Qb6 9. Nc2 d6 10. b3 Bd7 11. Bb2 Rac8 12. Qd2 Rfd8 13. Rac1 Bf5 14. Ne3 Be6 15. Ncd5 Bxd5 16. cxd5 Ne5 17. Bd4 Qa6 18. Qb2 Ned7 19. Bh3 Rxc1 20. Rxc1 b6 21. Bxd7 Rxd7 22. Qc2 Qb7 23. Qc8+ Qxc8 24. Rxc8+ Bf8 25. f3 Rb7 26. a4 Nd7 27. b4 a6 28. Kf2 Rb8 29. Rxb8 Nxb8 30. Bxb6 Nd7 31. Bd4 e6 32. b5 axb5 33. axb5 Nc5 34. Bxc5 dxc5 35. dxe6 fxe6 36. Nc4 Be7 37. b6 Bd8 38. b7 Bc7 39. Na5 1-0